| 000 | 00836nam a22002177a 4500 | ||
|---|---|---|---|
| 005 | 20250507122108.0 | ||
| 008 | 250507b |||||||| |||| 00| 0 eng d | ||
| 020 | _a81-7380-839-2 (pbk) | ||
| 037 | _cTB | ||
| 040 |
_aAL _cAL |
||
| 041 |
_2Pun _aPun |
||
| 084 |
_aMY4 153Q9 _qAL |
||
| 100 |
_aਮਾਦਪੁਰੀ, ਸੁਖਦੇਵ _9754930 |
||
| 245 | _aਪੁਣਜੁਆਬੀ ਬੁਝਾਰਤਾਂ | ||
| 260 |
_aਪਟਿਆਲਾ, ਭਾਰਤ: _bਪੰਜਾਬੀ ਭਾਸ਼ਾ ਵਿਕਾਸ ਵਿਭਾਗ, _c2019. |
||
| 300 | _a189ਪ. | ||
| 365 |
_b300.00 _cINR |
||
| 650 |
_aਯੂਜ਼ਫੁਲ ਆਰਟ _9754931 |
||
| 942 |
_2CC _cTB _hMY4 153Q9 _n0 |
||
| 999 |
_c1312974 _d1312974 |
||